| 000 | 00776nam a22002415a 4500 | ||
|---|---|---|---|
| 005 | 20170110135940.0 | ||
| 008 | 170110s2016 gw a frb 000 0 eng d | ||
| 020 | _a9783659913402 | ||
| 040 |
_aEG-ScBUE _beng _cEG-ScBUE _dEG-ScBUE |
||
| 082 | 0 | 4 |
_a616.466 _bAYO _222 |
| 100 | 1 | _aAyoub, Bassam | |
| 245 | 1 | 0 |
_aMethods of determination of some oral hypoglycemic drugs / _cBassam Ayoub, Ramzia EL-Bagary, Ehab Elkady. |
| 260 |
_aSaarbrücken : _bLAMBERT Academic Publishing, _cc.2016. |
||
| 300 |
_axv, 171 p. : _bill. ; _c24 cm. |
||
| 504 | _aBibliography : p.168-171. | ||
| 590 | _aComposed by BUE staff. | ||
| 650 | 7 |
_aHypoglycemia. _2BUEsh |
|
| 651 | _2BUEsh | ||
| 653 |
_bPPhrm _cJanuary2017 |
||
| 700 | 1 | _aEL-Bagary, Ramzia. | |
| 700 | 1 | _aElkady, Ehab. | |
| 942 | _2ddc | ||
| 999 |
_c23878 _d23850 |
||